=LDR 00000nam 2200000 4500 =001 INLIS000000000006635 =005 20130612094742 =008 ***********************************Ind** =035 ##$$0010-061300000006635 =041 ##$$a Ind =082 ##$$a 005.369 =090 ##$$a 005.369, Fal p =100 ##$$a Falk, Bennett =245 ##$$a Peta jalan internet, Bennett Falk =260 ##$$a 1997 $b Jakarta =300 ##$$a xv, 289 hlm., Ilus., 21 cm =650 ##$$a Komputer =850 ##$$a NBPNMAT